000
00308nam a2200133Ia 4500
001
964
008
241024s9999 xx 000 0 und d
082
_a
RD/370.97293/ID19c/2
100
_a
IDEICE
245
0
_a
Concepto y normativa
260
_b
IDEICE
_c
2010
901
_a
13/12/2010 3:14:50 p.m.
999
_c
9152
_d
9152